Normal view MARC view

Entry Nombre personal

Number of records used in: 1

001 - NÚMERO DE CONTROL

  • campo de control: 5144

003 - IDENTIFICADOR DE NÚMERO DE CONTROL

  • campo de control: Biblioxarxa

005 - FECHA Y HORA DE LA ÚLTIMA TRANSACCIÓN

  • campo de control: 20251119201538.0

008 - ELEMENTOS DE DATO DE LONGITUD-FIJA

  • campo de control de longitud fija: 251119|| aca||aabn | a|a d

040 ## - FUENTE DE CATALOGACIÓN

  • Centro catalogador/agencia de origen: Biblioxarxa
  • Centro/agencia transcriptor: Biblioxarxa

100 ## - ENCABEZAMIENTO-NOMBRE DE PERSONA

  • Nombre de persona: Arráez, Sol

670 ## - FUENTE DE DATOS ENCONTRADOS

  • Cita de la fuente: Work cat.: (Biblioxarxa)3113: Arráez, Sol aut, El llibre de la selva, D.L. 2014